000 02651cam a22005534i 4500
003 PE-LiUPU
005 20250731172731.0
008 150617s1983 pe r 000 0 spa d
035 _a(Sirsi) a11496
040 _aPE-LiUPU
_bspa
_cPE-LiUPU
_erda
049 _aPRUA
082 0 4 _a232.1
_bD41
_221
100 1 _aDederen, Raoul,
_eautor.
245 1 0 _aLecturas sobre cristología /
_cRaoul Dederen.
264 1 _aLima :
_bCentro de Educación Superior Unión,
_c1983.
300 _a182 páginas ;
_c21 centímetros
336 _atext
_2rdacontent
337 _aunmediated
_2rdamedia
338 _avolume
_2rdacarrier
504 _aIncluye bibliografía.
505 0 _aFórmula cristológica del concilio de Nicea -- Fórmula cristológica del concilio de Calcedonia -- El hijo único de Dios -- La humanidad de Jesús -- El ministerio espiatorio de Cristo en la cruz -- La cristología de la carta 8 de E.G. de White escrita en 1895, un estudio histórico, contextual y analítico.
526 _aSEG42
526 _aSEG41
526 _aSEG40
526 _aSEG39
526 _aP94
526 _aP87
526 _aP86
526 _aP85
526 _aP77
526 _aP76
526 _aP35
600 1 _aJesucristo
_xMesiazgo
910 _ajck
_bjvq
_cjck
_d20150616
942 _2ddc
_cBOOK
949 _a232.1 D41
_wDEWEY
_c1
_i22621
_lCCODEBUL1
_mBUL
_p30.00
_r0
_sY
_tBOOK
_u19840506
_xTEOLOGIA
_PP35
_0COMPRA
_o.STAFF. Colección Teología
949 _a232.1 D41
_wDEWEY
_c2
_i22620
_lCCODEBUL1
_mBUL
_p30.00
_r0
_sY
_tBOOK
_u19840506
_xTEOLOGIA
_PP35
_0COMPRA
_o.STAFF. Colección Teología
949 _a232.1 D41
_wDEWEY
_c3
_i22619
_lCCODEBUL1
_mBUL
_p30.00
_r0
_sY
_tBOOK
_u19840506
_xTEOLOGIA
_PP35
_0COMPRA
_o.STAFF. Colección Teología
994 _aC0
_bPEPRU
596 _a1 2
999 _a232.1 D41
_wDEWEY
_c1652
_i22621
_d1652
_e2019-4-9
_f2021-11-10
_g5
_lCCODEBUL1
_mBUL
_n2
_p30.00
_q2
_r0
_sY
_tBOOK
_u2015-6-17
_xTEOLOGIA
_PP35
_0COMPRA
_o.STAFF. Colección Teología
999 _a232.1 D41
_wDEWEY
_c2
_i22620
_d2018-9-11
_f2021-11-10
_g5
_lCCODEBUL1
_mBUL
_q1
_r0
_sY
_tBOOK
_u2015-6-17
_xTEOLOGIA
_PP35
_0COMPRA
_o.STAFF. Colección General
999 _a232.1 D41
_wDEWEY
_c3
_i22619
_d2019-5-21
_e2019-5-20
_f2021-11-10
_g5
_lCCODEBUL1
_mBUL
_n1
_r0
_sY
_tBOOK
_u2015-6-17
_xTEOLOGIA
_PP35
_0COMPRA
_o.STAFF. Colección General
999 _a232.1 D41
_wDEWEY
_c1
_iFT00020
_f2019-2-20
_g1
_lCCODEBUT1
_mBUT
_r0
_sY
_tBOOK
_u2015-10-28
_xBIBLIOTECA
_PP35
_0DONACION
_o.STAFF. Colección General
980 _81
_gALBERTO SANCHEZ Responsable de Automatización